| 000 | 00542nam a2200205Ia 4500 | ||
|---|---|---|---|
| 001 | 63744 | ||
| 008 | 190905n2005 ii |||gr||||Z||||||asm | ||
| 020 | _a81-7339-433-4 | ||
| 082 | _a891.41409 | ||
| 100 |
_aDas, Amal ch., _eEditor. |
||
| 245 | 0 |
_aBhasa sahitya sambhar _cEdited by Amal ch. Das _hTextual Documents |
|
| 250 | _aist ed. | ||
| 260 |
_aAssam _bBanalata _c2005 |
||
| 300 |
_apg349: _c21cm. |
||
| 653 | _aAssamese | ||
| 653 | _aAssamese literature | ||
| 653 | _aG- Assamese | ||
| 653 | _aCollection of essay | ||
| 942 |
_2ddc _cBK |
||
| 999 |
_c64846 _d64846 |
||